Catalog

Record Details

Catalog Search



Sociální pomoc bezdomovcům v Praze : diplomová práce Cover Image Book Book

Sociální pomoc bezdomovcům v Praze : diplomová práce Vojtěch Škácha ; vedoucí práce: Ing. Jan Dočkal

Record details

  • Physical Description: 64 s.
  • Publisher: Praha JABOK - Vyšší sociálně pedagogická a teologická škola 1997

Content descriptions

Bibliography, etc. Note:
bibliogr. s. 64

Available copies

  • 1 of 1 copy available at Common Catalog SPOK.

Holds

  • 0 current holds with 1 total copy.
Show All Copies
Location Call Number / Copy Notes Barcode Shelving Location Status Due Date
Jabok Library ABP-0054 424480002061 Absolventské práce Reference -

LDR 00736ntm a22 a 4500
00111926
003CZ-PrJAB
00520020430000000.0
008980212s1997 xr e |||| |cze
009cz
035 . ‡a(CONS)11926
035 . ‡aKPS0004291
040 . ‡a
0410 . ‡acze
10011. ‡72532 ‡aŠkácha, Vojtěch
110 2. ‡aJABOK - Vyšší sociálně pedagogická a teologická škola ‡bPraha
2451 . ‡aSociální pomoc bezdomovcům v Praze : ‡bdiplomová práce ‡cVojtěch Škácha ; vedoucí práce: Ing. Jan Dočkal
260 . ‡aPraha ‡bJABOK - Vyšší sociálně pedagogická a teologická škola ‡bPraha ‡c1997
300 . ‡a64 s.
504 . ‡abibliogr. s. 64
653 . ‡abezdomovci ‡adruhy ‡apotřeby ‡asociální pomoc ‡abezdomovství
70011. ‡72225 ‡aDočkal, Jan
999 . ‡a54-d ‡c54-d ‡i424480002061 ‡l ‡tP
910 . ‡aABG312
901 . ‡a11926 ‡bUnknown ‡c11926 ‡tbiblio

Additional Resources